[Event "Nakhchivan Open A 2013"]
[Site "Nakhchivan AZE"]
[Date "2013.04.29"]
[Round "7.9"]
[White "Tiviakov,S"]
[Black "Agasiyev,Ka"]
[Result "1-0"]
[WhiteElo "2650"]
[BlackElo "2244"]

1.e4 c5 2.Nf3 e6 3.c3 Ne7 4.d4 cxd4 5.cxd4 d5 6.e5 Nbc6 7.Bd3 Nf5 8.Bxf5 exf5
9.Nc3 Be6 10.h4 h6 11.Ne2 Be7 12.Nf4 Qa5+ 13.Kf1 g6 14.Kg1 Qb6 15.b3 O-O-O
16.Nh3 Rdg8 17.Be3 Qd8 18.Qd2 Bxh4 19.Bxh6 Be7 20.Bg5 Rh5 21.Bxe7 Qxe7 22.Nhg5 Rxh1+
23.Kxh1 Rh8+ 24.Kg1 Qf8 25.g3 Qh6 26.Kg2 f4 27.Qxf4 Bh3+ 28.Kg1 Bf5 29.Nh4 Nxd4
30.Qxd4 Qxg5 31.e6 Rxh4 32.Qc5+ Kb8 33.exf7 Rh8 34.f8=Q+ Rxf8 35.Qxf8+ Kc7
36.Qc5+ Kb8 37.Qd6+ Kc8 38.Qxd5 Qh6 39.Qc5+ Kb8 40.Qd6+ Kc8 41.Rd1 Qg5 42.Rd4 Qc1+
43.Kh2 b5 44.Qa6+ Kc7 45.Qxa7+ Kc6 46.Qa6+ Kc7 47.Qxb5  1-0

[Event "Nakhchivan Open A 2013"]
[Site "Nakhchivan AZE"]
[Date "2013.05.01"]
[Round "9.11"]
[White "Tiviakov,S"]
[Black "Quparadze,G"]
[Result "1-0"]
[WhiteElo "2650"]
[BlackElo "2489"]

1.e4 c5 2.Nf3 e6 3.c3 d5 4.exd5 Qxd5 5.d4 Nf6 6.Na3 Qd8 7.Nc4 Nc6 8.Nce5 cxd4
9.Bb5 Bd7 10.Nxd7 Nxd7 11.Nxd4 Nxd4 12.Qxd4 a6 13.Ba4 b5 14.Bc2 Nf6 15.Qxd8+ Rxd8
16.Ke2 Bc5 17.Rd1 Ke7 18.Bd2 Nd5 19.Bd3 Rd6 20.g3 b4 21.c4 Nb6 22.b3 Nd7
23.Be4 Rb8 24.Bf4 e5 25.Rxd6 Bxd6 26.Bg5+ f6 27.Bd2 h6 28.Bf5 Nc5 29.Be3 Rb7
30.Rd1 Rc7 31.Rd5 Nb7 32.h4 Kf7 33.h5 Ke7 34.f4 exf4 35.gxf4 Nc5 36.Kf3 a5
37.Bc2 Kd7 38.Bd4 Kc6 39.Be4 Kd7 40.Be5 fxe5 41.fxe5 Nb7 42.exd6 Rc5 43.Bf5+ Kc6
44.Be6 a4 45.d7 axb3 46.axb3 Nd8 47.Rxc5+ Kxc5 48.Bd5 Kd6 49.Ke4 Kxd7 50.c5  1-0

[Event "DYTM Raja Nazrin Shah Masters"]
[Site "Kuala Lumpur MAS"]
[Date "2013.06.13"]
[Round "1.5"]
[White "Mas,H"]
[Black "Tiviakov,S"]
[Result "1/2-1/2"]
[WhiteElo "2347"]
[BlackElo "2644"]

1.e4 e6 2.d3 c5 3.Nf3 Nc6 4.g3 d5 5.Nbd2 Bd6 6.Bg2 Nge7 7.O-O O-O 8.Qe2 b6
9.Re1 Bc7 10.b3 f6 11.Bb2 d4 12.e5 f5 13.a4 Nd5 14.Nc4 Rb8 15.Bc1 a6 16.Bg5 Qd7
17.Bd2 b5 18.axb5 axb5 19.Nd6 h6 20.Nxc8 Rfxc8 21.Nh4 Bd8 22.Ng6 Nce7 23.Qh5 Nxg6
24.Qxg6 Ne7 25.Qh5 c4 26.Ra6 Rb6 27.Rxb6 Bxb6 28.bxc4 bxc4 29.Rb1 Bc7 30.Qe2 c3
31.Bc1 Qa4 32.f4 Nc6 33.Rb3 Na5 34.Ra3 Qb5 35.Ra1 Rb8 36.Qf3 Bd8 37.g4 g6
38.gxf5 gxf5 39.Qh5 Kg7 40.Ba3 Qd7 41.Kf2 Qf7 42.Qh3 Kh7 43.Bf3 Bb6 44.Bh5 Qb7
45.Rg1 Rg8 46.Bf3 Qc8 47.Rxg8 Qxg8 48.Kf1 Qe8 49.Qg2 Bd8 50.Qf2 Bb6 51.Bd6 Nc6
52.Qh4 Bd8 53.Qh5 Qxh5 54.Bxh5 Ba5 55.Bf7 Nd8 56.Be8 Bb6 57.Be7 Nb7 58.Bd7 Nc5
59.Bxc5 Bxc5 60.Bxe6 Kg6 61.Bd7 h5 62.Be8+ Kh6 63.Kg2 Ba3 64.Kg3 Be7  1/2-1/2

[Event "DYTM Raja Nazrin Shah Masters"]
[Site "Kuala Lumpur MAS"]
[Date "2013.06.16"]
[Round "4.1"]
[White "Ramnath,B"]
[Black "Tiviakov,S"]
[Result "0-1"]
[WhiteElo "2352"]
[BlackElo "2644"]

1.e4 e6 2.d4 d5 3.e5 c5 4.c3 Qb6 5.Nf3 Nc6 6.a3 Nh6 7.b4 cxd4 8.cxd4 Nf5
9.Be3 Bd7 10.Bd3 Rc8 11.O-O Be7 12.Nbd2 Nb8 13.Qe2 Ba4 14.Rfc1 O-O 15.Nf1 Nxe3
16.fxe3 Nc6 17.Rab1 Rc7 18.N1d2 Rfc8 19.Rc5 a5 20.Ne1 axb4 21.axb4 Nxb4 22.Bxh7+ Kxh7
23.Nd3 Rxc5  0-1

[Event "DYTM Raja Nazrin Shah Masters"]
[Site "Kuala Lumpur MAS"]
[Date "2013.06.18"]
[Round "6.2"]
[White "Wohl,A"]
[Black "Tiviakov,S"]
[Result "0-1"]
[WhiteElo "2369"]
[BlackElo "2644"]

1.c4 e5 2.Nc3 Nf6 3.Nf3 Nc6 4.a3 g6 5.e3 Bg7 6.Be2 d5 7.cxd5 Nxd5 8.Nxd5 Qxd5
9.d3 O-O 10.O-O e4 11.dxe4 Qxe4 12.Bd3 Qd5 13.Qc2 Be6 14.Bd2 Qb3 15.Qxb3 Bxb3
16.Rac1 Bd5 17.Bc3 a6 18.Rfd1 Rfd8 19.Be2 Rd6 20.Bxg7 Kxg7 21.Nd4 Rad8 22.f3 f5
23.Kf2 Kf6 24.h4 Nxd4 25.Rxd4 R8d7 26.g4 fxg4 27.Rxg4 Rb6 28.b4 Be6 29.Rf4+ Ke7
30.Rc5 Rbd6 31.Re5 b5 32.Rc5 Rd2 33.Re4 Kf7 34.Ke1 Ra2 35.Rd4 Rxd4 36.exd4 Rxa3
37.Rxc7+ Kf6 38.Rxh7 Bf7 39.Rh8 Ra4 40.Ra8 Bd5 41.Ra7 Ra2 42.Bd3 Ra3 43.Be2 Ra2
44.Rd7 Ke6 45.Rg7 Kf6 46.Ra7 Kf5 47.Re7 Kf4 48.Kf2 Rd2 49.Ke1 Rxd4 50.Ra7 Rxb4
51.Rxa6 Ke3 52.Ra3+ Kd4 53.Ra6 Rb1+ 54.Kf2 b4 55.Rxg6 b3 56.Rb6 Rh1 57.Rb8 Rh2+
58.Ke1 Kc3 59.Rc8+ Kb4 60.Bd3 Bxf3 61.Rb8+ Ka3 62.Bc4 b2 63.Bd3 Bd5 64.h5 Bb3
65.h6 Rxh6 66.Kd2 Rd6  0-1

[Event "DYTM Raja Nazrin Shah Masters"]
[Site "Kuala Lumpur MAS"]
[Date "2013.06.20"]
[Round "9"]
[White "Tiviakov,S"]
[Black "Wong Meng Kong"]
[Result "1-0"]
[WhiteElo "2644"]
[BlackElo "2301"]

1.e4 e5 2.Nf3 Nc6 3.Bc4 Be7 4.c3 Nf6 5.d3 O-O 6.Bb3 d6 7.O-O Nd7 8.d4 Bf6
9.Qd3 Qe7 10.Be3 Re8 11.Nbd2 Nf8 12.a3 a6 13.Bc2 Ng6 14.b4 h6 15.d5 Nb8 16.c4 Nd7
17.Rac1 a5 18.Nb3 axb4 19.axb4 Ndf8 20.c5 Bd7 21.Na5 Reb8 22.Rfe1 dxc5 23.Bxc5 Qe8
24.Be3 Be7 25.Qc3 Bb5 26.Bb3 Bd6 27.Nc4 Bxc4 28.Qxc4 b6 29.Red1 Ra7 30.Ne1 Nd7
31.g3 Nf6 32.f3 Rba8 33.Nc2 Qe7 34.Bd2 Ne8 35.Ne3 Qd7 36.Qc6 Qd8 37.Kg2 Kh7
38.Qb5 Bf8 39.h4 Nd6 40.Qe2 Ra3 41.Rb1 Be7 42.h5 Nf8 43.Ng4 Nd7 44.Bc3 f6
45.f4 Qe8 46.fxe5 fxe5 47.Bxe5 Nxe5 48.Nxe5 Bf6 49.Nf3 Be5 50.Nh4 Bxg3 51.Ng6 Nxe4
52.Bc2 Ra2 53.Rb3 Nf6 54.Ne7+ Kh8 55.Re3 Qxh5 56.Ng6+ Kg8 57.Kxg3 Qg5+ 58.Kf3 R8a3
59.Rxa3 Rxa3+ 60.Rd3 Qxd5+ 61.Kf2 Qf5+ 62.Ke1 Ra1+ 63.Kd2 Qg5+ 64.Kc3 Ra3+
65.Kb2 Rxd3 66.Qxd3 Kf7 67.Qd8 Nd5 68.Qd7+ Kf6 69.Qd8+ Ke6 70.Qg8+ Kd6 71.Qf8+ Kc6
72.Qa8+ Kd6 73.Qf8+ Ke6 74.Bb3 Qd2+ 75.Ka3 Qc1+ 76.Ka4 b5+ 77.Kxb5 c6+ 78.Ka5 Qa1+
79.Ba4 Qd4 80.Qc5 Qxc5+ 81.bxc5 Kd7 82.Ne5+ Kc7 83.Bxc6 Ne7 84.Be4 h5 85.Ng6 Ng8
86.Nf4 Nf6 87.Nd5+ Kc6 88.Nxf6+ Kxc5 89.Nxh5 g5 90.Bf3 Kc4 91.Bg4 Kd4 92.Kb4  1-0

[Event "DYTM Raja Nazrin Shah Masters"]
[Site "Kuala Lumpur MAS"]
[Date "2013.06.21"]
[Round "10.4"]
[White "Murshed,N"]
[Black "Tiviakov,S"]
[Result "0-1"]
[WhiteElo "2479"]
[BlackElo "2644"]

1.d4 Nf6 2.c4 e6 3.Nf3 b6 4.g3 Bb7 5.Bg2 Be7 6.O-O O-O 7.d5 Na6 8.Nc3 Bb4
9.Bd2 Nc5 10.Ne1 Re8 11.dxe6 dxe6 12.Bxb7 Nxb7 13.Nd3 a5 14.Qc2 e5 15.a3 Bxc3
16.Bxc3 Nd7 17.b4 c5 18.Rfd1 Qc7 19.bxa5 bxa5 20.Nb2 Nb6 21.Rd2 Qc6 22.Qb3 a4
23.Qb5 Qxb5 24.cxb5 f6 25.e4 Kf7 26.Rad1 Re6 27.Kg2 Ke7 28.Nc4 Nxc4 29.Rd7+ Ke8
30.Rxb7 Re7 31.Rxe7+ Kxe7 32.Rd5 Rc8 33.Bd2 Rd8 34.Rxd8 Kxd8 35.Be3 Nxa3
36.b6  0-1

[Event "Commonwealth & RSA Open"]
[Site "Port Elizabeth RSA"]
[Date "2013.07.07"]
[Round "2.2"]
[White "Tiviakov,S"]
[Black "Barrish,Daniel"]
[Result "1-0"]
[WhiteElo "2654"]
[BlackElo "1824"]

1.e4 c5 2.Nf3 e6 3.c3 Nf6 4.e5 Nd5 5.Bc4 Nb6 6.Bb3 c4 7.Bc2 Nc6 8.O-O d6
9.exd6 Bxd6 10.d4 h6 11.Qe2 Qc7 12.Nbd2 Ne7 13.Ne4 Nf5 14.Nxd6+ Nxd6 15.Bf4 Qe7
16.Qe5 Kd7 17.Qxg7 Qf8 18.Ne5+ Ke8 19.Qg3 Nf5 20.Bxf5 exf5 21.Rfe1 Kd8 22.Qh4+ f6
23.Ng6 Qg7 24.Nxh8 Qxh8 25.d5 Bd7 26.Rad1 Rc8 27.Be5  1-0

[Event "Commonwealth & RSA Open"]
[Site "Port Elizabeth RSA"]
[Date "2013.07.08"]
[Round "4.2"]
[White "Tiviakov,S"]
[Black "Kathmale,S"]
[Result "1-0"]
[WhiteElo "2654"]
[BlackElo "2359"]

1.e4 c6 2.d3 d5 3.Nd2 e5 4.Ngf3 Bd6 5.d4 exd4 6.exd5 Nf6 7.dxc6 Nxc6 8.Be2 Bf5
9.Nb3 Bb4+ 10.Kf1 d3 11.Bxd3 Bxd3+ 12.Qxd3 Qxd3+ 13.cxd3 O-O-O 14.d4 a5 15.a3 Be7
16.Be3 Nd5 17.Rc1 Kb8 18.Rxc6 bxc6 19.Nxa5 Kc7 20.Ke2 c5 21.Rc1 Nxe3 22.fxe3 Kb6
23.Nc4+ Kb5 24.dxc5 Bxc5 25.b4 Ba7 26.Nfe5 Rhf8 27.a4+ Kxa4 28.Ra1+ Kxb4
29.Rxa7 Ra8 30.Rb7+ Kc5 31.Kf3 Ra6 32.Nd7+ Kc6 33.Rb8  1-0

[Event "Commonwealth & RSA Open"]
[Site "Port Elizabeth RSA"]
[Date "2013.07.09"]
[Round "5.1"]
[White "Conquest,S"]
[Black "Tiviakov,S"]
[Result "1/2-1/2"]
[WhiteElo "2492"]
[BlackElo "2654"]

1.e4 c5 2.Nf3 d6 3.c3 Nf6 4.Be2 Nbd7 5.d3 b6 6.O-O Bb7 7.Re1 g6 8.Bg5 Bg7
9.Nbd2 h6 10.Bh4 O-O 11.Bf1 g5 12.Bg3 Nh5 13.d4 cxd4 14.cxd4 Nxg3 15.hxg3 e6
16.Rc1 Rc8 17.Rxc8 Qxc8 18.Qa4 a6 19.Nb3 Nf6 20.Nfd2 a5 21.Qb5 Qc6 22.a4 Qxb5
23.Bxb5 d5 24.e5 Ne4 25.Nf1 g4 26.f3 Ng5 27.Nfd2 Rc8 28.Rc1 Rxc1+ 29.Nxc1 f5
30.Nd3 Kf7 31.b4 axb4 32.Nxb4 gxf3 33.gxf3 h5 34.Kg2 Bh6 35.Nb3 Nh7 36.Nd3 Nf8
37.a5 bxa5 38.Nxa5 Bc8 39.f4  1/2-1/2

[Event "Commonwealth & RSA Open"]
[Site "Port Elizabeth RSA"]
[Date "2013.07.09"]
[Round "6.3"]
[White "Tiviakov,S"]
[Black "Kobese,W"]
[Result "1/2-1/2"]
[WhiteElo "2654"]
[BlackElo "2343"]

1.e4 e5 2.Nf3 Nc6 3.Bc4 Nf6 4.d3 Be7 5.Bb3 O-O 6.c3 d5 7.Nbd2 Re8 8.O-O dxe4
9.dxe4 Bc5 10.Qe2 Qe7 11.Nc4 h6 12.Ba4 a5 13.Ne3 Be6 14.Qc2 Nh5 15.Bxc6 bxc6
16.Nxe5 Bc8 17.Nd3 Bb6 18.e5 Ba6 19.c4 Rad8 20.b3 Bd4 21.Bb2 Bxb2 22.Nxb2 Qxe5
23.Rad1 Rd6 24.Na4 Bc8 25.Rfe1 Nf4 26.g3 Qh5 27.Rxd6 Nh3+ 28.Kf1 cxd6 29.Qd1 Qg6
30.Ng2 Rxe1+ 31.Nxe1 d5 32.Qd2 Ng5  1/2-1/2

[Event "Commonwealth & RSA Open"]
[Site "Port Elizabeth RSA"]
[Date "2013.07.12"]
[Round "9.1"]
[White "Gupta,Ab"]
[Black "Tiviakov,S"]
[Result "1/2-1/2"]
[WhiteElo "2583"]
[BlackElo "2654"]

1.d4 Nf6 2.c4 e6 3.Nc3 Bb4 4.Qc2 O-O 5.Nf3 c5 6.dxc5 Na6 7.g3 Nxc5 8.Bg2 Nce4
9.O-O Nxc3 10.bxc3 Be7 11.e4 d6 12.e5 dxe5 13.Nxe5 Nd7 14.Nxd7 Qxd7 15.Bf4 Bc5
16.Rab1 Qe7 17.Rfe1 Rd8 18.h4 a5 19.Be4 h5 20.Qe2 Ra7 21.Be3 Ra6 22.Bxc5 Qxc5
23.Rb5 Qa3 24.c5 Qxc3 25.Rd1 Rf8 26.Qd3 Qxd3 27.Rxd3 a4 28.a3 Ra7 29.Rd6 Re8
30.Rd4 f5 31.Bc2 Kf7 32.Bxa4 Re7  1/2-1/2

[Event "Commonwealth & RSA Open"]
[Site "Port Elizabeth RSA"]
[Date "2013.07.14"]
[Round "11.1"]
[White "Tiviakov,S"]
[Black "Fedorchuk,S"]
[Result "1/2-1/2"]
[WhiteElo "2654"]
[BlackElo "2667"]

1.e4 e5 2.Nf3 Nc6 3.Bc4 Bc5 4.c3 Nf6 5.d3 a6 6.Bb3 d6 7.O-O h6 8.Be3 O-O
9.Nbd2 Re8 10.d4 Ba7 11.dxe5  1/2-1/2

[Event "DSK GM Open 2013"]
[Site "Cape Town RSA"]
[Date "2013.07.21"]
[Round "2.1"]
[White "Tiviakov,S"]
[Black "Kasparov,S"]
[Result "1-0"]
[WhiteElo "2654"]
[BlackElo "2470"]

1.e4 c6 2.d3 d5 3.Nd2 g6 4.Ngf3 Bg7 5.d4 Nf6 6.e5 Nfd7 7.Bd3 f6 8.exf6 Nxf6
9.O-O O-O 10.Re1 Nh5 11.Ne5 Nf4 12.Bf1 Nd7 13.Ndf3 Nxe5 14.Nxe5 Qd6 15.c3 Qf6
16.Be3 Qf5 17.Bd2 g5 18.f3 Qf6 19.Qc1 h6 20.Bxf4 gxf4 21.Bd3 Qd6 22.Qc2 Bxe5
23.Rxe5 Rf6 24.Rae1 e6 25.Qf2 Bd7 26.Qh4 Qf8 27.Rg5+ Kf7 28.Rg4 Ke8 29.Rg8 Qxg8
30.Qxf6 Bc8 31.Bg6+ Kd7 32.Rxe6  1-0

[Event "DSK GM Open 2013"]
[Site "Cape Town RSA"]
[Date "2013.07.22"]
[Round "3.1"]
[White "Ipatov,Alexander"]
[Black "Tiviakov,S"]
[Result "1/2-1/2"]
[WhiteElo "2583"]
[BlackElo "2654"]

1.c4 e5 2.Nc3 Nf6 3.g3 d5 4.cxd5 Nxd5 5.Bg2 Nf6 6.e3 Be7 7.Nge2 O-O 8.O-O Na6
9.f4 exf4 10.Nxf4 c5 11.b3 Nb4 12.Bb2 Rb8 13.d4 cxd4 14.exd4 g5  1/2-1/2

[Event "TCh-POR Div1 Final 2013"]
[Site "Matosinhos POR"]
[Date "2013.08.18"]
[Round "1.1"]
[White "Tiviakov,S"]
[Black "Pires,G"]
[Result "1-0"]
[WhiteElo "2656"]
[BlackElo "2145"]

1.e4 c5 2.c3 d5 3.exd5 Qxd5 4.d4 Nf6 5.Nf3 e6 6.Na3 a6 7.Nc4 Nbd7 8.Be2 Be7
9.O-O O-O 10.a4 Qc6 11.Nfe5 Nxe5 12.Nxe5 Qc7 13.Bf4 Bd6 14.Bf3 Rd8 15.dxc5 Bxc5
16.Qe2 Qe7 17.Rfd1 Re8 18.Nc4 Nd7 19.Bd6 Qh4 20.Bxc5 Nxc5 21.Nb6  1-0

[Event "TCh-POR Div1 Final 2013"]
[Site "Matosinhos POR"]
[Date "2013.08.19"]
[Round "3.2"]
[White "Rocha,S"]
[Black "Tiviakov,S"]
[Result "0-1"]
[WhiteElo "2415"]
[BlackElo "2656"]

1.Nf3 Nf6 2.c4 b6 3.g3 Bb7 4.Bg2 e6 5.O-O c6 6.d4 d5 7.Nc3 Be7 8.Nd2 Na6
9.e4 Nc7 10.Re1 O-O 11.e5 Nd7 12.cxd5 Nxd5 13.Nxd5 cxd5 14.Nf3 Rc8 15.Be3 Ba6
16.Qd2 Nb8 17.Rec1 Nc6 18.h4 Na5 19.Bg5 Qd7 20.Rxc8 Rxc8 21.Rc1 Rxc1+ 22.Qxc1 Bf8
23.Bf1 Bxf1 24.Kxf1 Qa4 25.Kg2 h6 26.Qc7 hxg5 27.Nxg5 Qe8 28.Qxa7 Be7 29.Qxb6 Qa8
30.b3 Nc6 31.a4 Bd8 32.Qc5 Qb7 33.Nf3 Na5 34.b4 Nc4 35.a5 Be7 36.a6 Qd7 37.a7 Bxc5
38.a8=Q+ Bf8 39.h5 Qb5 40.g4 Qxb4 41.g5 Nd2  0-1

[Event "TCh-POR Div1 Final 2013"]
[Site "Matosinhos POR"]
[Date "2013.08.20"]
[Round "4.4"]
[White "Tiviakov,S"]
[Black "Luch,M"]
[Result "1-0"]
[WhiteElo "2656"]
[BlackElo "2432"]

1.e4 e5 2.Bc4 Nf6 3.d3 Nc6 4.Nf3 Bc5 5.c3 d6 6.Bb3 a6 7.Qe2 Be6 8.Bc2 h6
9.Nbd2 O-O 10.h3 Re8 11.g4 Nh7 12.Nf1 d5 13.Ng3 b5 14.Bd2 dxe4 15.Nxe4 Bb6
16.Rg1 g5 17.h4 f6 18.hxg5 hxg5 19.Rh1 Re7 20.O-O-O Rg7 21.Rh6 Qe7 22.Nfxg5  1-0

[Event "TCh-POR Div1 Final 2013"]
[Site "Matosinhos POR"]
[Date "2013.08.21"]
[Round "5.3"]
[White "Rego,P"]
[Black "Tiviakov,S"]
[Result "0-1"]
[WhiteElo "2245"]
[BlackElo "2656"]

1.c4 e5 2.g3 Nf6 3.Bg2 d5 4.cxd5 Nxd5 5.Nf3 Nc6 6.O-O Nde7 7.b3 g6 8.Bb2 Bg7
9.d3 O-O 10.Nc3 Nd4 11.Nd2 c6 12.Nc4 Be6 13.e3 Ndf5 14.Ne4 Qc7 15.Qc2 Rad8
16.Rad1 Bd5 17.Rfe1 b6 18.Qb1 c5 19.Qa1 f6 20.Qb1 Qc6 21.Qc2 Kh8 22.f3 Qb7
23.Qf2 Nc6 24.g4 Nfe7 25.Nc3 Bg8 26.Ne2 b5 27.Na3 Qb6 28.Nc1 Nd5 29.Bf1 a6
30.Nc2 Ncb4 31.Nxb4 cxb4 32.e4 Qxf2+ 33.Kxf2 Nc3 34.Rd2 f5 35.gxf5 gxf5 36.Rc2 Rc8
37.Bxc3 Rxc3 38.Rxc3 bxc3 39.Re2 b4 40.Rc2 Bh6 41.Ne2 fxe4 42.dxe4 Rd8 43.Ng3 a5
44.Nf5 Bf4 45.h4 a4 46.Bc4 Bxc4 47.bxc4 Bd2  0-1

[Event "TCh-POR Div1 Final 2013"]
[Site "Matosinhos POR"]
[Date "2013.08.22"]
[Round "6.3"]
[White "Tiviakov,S"]
[Black "Padeiro,J"]
[Result "1-0"]
[WhiteElo "2656"]
[BlackElo "2338"]

1.e4 c5 2.Nc3 e5 3.Bc4 d6 4.d3 Nf6 5.f4 Nc6 6.f5 a6 7.Bg5 Be7 8.Nf3 Nd7 9.Bxe7 Qxe7
10.Qd2 Nb6 11.O-O f6 12.a4 Nd4 13.a5 Nxc4 14.dxc4 O-O 15.Nd5 Qf7 16.Nb6 Rb8
17.c3 Nb3 18.Qxd6 Bxf5 19.Rad1 Bxe4 20.Ng5 Qg6 21.Nxe4 Qxe4 22.Nd7 Rbd8 23.Qe6+ Kh8
24.Nxf8 Rxf8 25.Rde1 Qd3 26.Qxe5 Qxc4 27.Qe7 Rg8 28.Rxf6 Nxa5 29.Rf8 h6 30.Rxg8+ Qxg8
31.Qxc5 Nc6 32.Qh5  1-0

[Event "TCh-POR Div1 Final 2013"]
[Site "Matosinhos POR"]
[Date "2013.08.23"]
[Round "7.4"]
[White "Neves,P"]
[Black "Tiviakov,S"]
[Result "0-1"]
[WhiteElo "2218"]
[BlackElo "2656"]

1.Nf3 Nf6 2.g3 b6 3.Bg2 Bb7 4.O-O g6 5.c4 Bg7 6.d4 O-O 7.d5 Na6 8.Nc3 Nc5
9.Nd4 e5 10.Nb3 d6 11.Nd2 a5 12.Rb1 Nfd7 13.e4 Nd3 14.a3 Bh6 15.Qc2 Nxc1
16.Rbxc1 Ba6 17.b3 f5 18.exf5 gxf5 19.Ne2 Qf6 20.Rcd1 b5 21.f4 a4 22.bxa4 bxc4
23.Nxc4 e4 24.Nd4 Nc5 25.Nb5 Rfb8 26.Rb1 Nxa4 27.Nxc7 Qd4+ 28.Kh1 Qxc4 29.Qxc4 Bxc4
30.Nxa8 Rxa8 31.Rfc1 Bxd5 32.Rb5 Nc5 33.Rd1 Bc4 34.Rb6 Bf8 35.Rc1 d5 36.Bh3 Nd3
37.Rc2 Rxa3 38.Rb1 Nxf4 39.Rxc4 dxc4 40.Bxf5 Nd3 41.Be6+ Kg7 42.Bxc4 Rc3
43.Bb5 Bc5  0-1

[Event "12th Izmir Open"]
[Site "Izmir TUR"]
[Date "2013.09.03"]
[Round "3.1"]
[White "Tiviakov,S"]
[Black "Dogantug,I"]
[Result "1-0"]
[WhiteElo "2665"]
[BlackElo "2117"]

1.e4 e5 2.Nf3 Nc6 3.Bc4 Bc5 4.c3 Nf6 5.d3 d6 6.Bb3 a6 7.h3 O-O 8.Bg5 h6 9.Bh4 Qe7
10.Nbd2 Be6 11.Bc2 Kh8 12.Nh2 Rg8 13.Ng4 g5 14.Bg3 Nxg4 15.hxg4 Rg6 16.Qe2 Rf6
17.Nf1 Kg7 18.f3 Re8 19.Bh2 d5 20.exd5 Bxd5 21.Ng3 Kg8 22.Bb3 Bxb3 23.axb3 Qf8
24.O-O-O b5 25.Nf5 b4 26.Qe4 Bb6 27.Kc2 Rfe6 28.Bg3 a5 29.Rh5 bxc3 30.bxc3 Nd4+
31.cxd4 exd4 32.Nxh6+ Rxh6 33.Rxg5+ Kh8 34.Be5+ Rxe5 35.Qxe5+ f6 36.Rf5 Qb4
37.Qe1 Qa3 38.Ra1 Qd6 39.g5 Rh2 40.Qe8+  1-0

[Event "12th Izmir Open"]
[Site "Izmir TUR"]
[Date "2013.09.04"]
[Round "9.2"]
[White "Tiviakov,S"]
[Black "Fier,A"]
[Result "0-1"]
[WhiteElo "2665"]
[BlackElo "2592"]

1.e4 c5 2.Nf3 a6 3.c3 d5 4.exd5 Nf6 5.c4 e6 6.dxe6 Bxe6 7.b3 Nc6 8.Be2 Qc7
9.Bb2 O-O-O 10.Na3 Nd4 11.Nxd4 cxd4 12.c5 Nd5 13.c6 Nc3 14.cxb7+ Kb8 15.Qc2 Qe5
16.Qd3 Nxe2 17.Qxe2 Qxe2+ 18.Kxe2 d3+ 19.Kd1 Bc5 20.f3 Rd5 21.Re1 Rg5 22.g3 Kxb7
23.Nc4 Rh5 24.Ne5 Rd8 25.Rc1 Bf2 26.Rf1 Rxh2 27.Ng4 Bxg4 28.fxg4 Bxg3 29.Rc5 f6
30.Bc3 h6 31.Rc4 Rd5 32.Kc1 Be5  0-1

[Event "12th Izmir Open"]
[Site "Izmir TUR"]
[Date "2013.09.05"]
[Round "5.4"]
[White "Tiviakov,S"]
[Black "Morchiashvili,B"]
[Result "1-0"]
[WhiteElo "2665"]
[BlackElo "2358"]

1.e4 c5 2.c3 d5 3.exd5 Qxd5 4.d4 Nf6 5.Nf3 Bg4 6.dxc5 Qxd1+ 7.Kxd1 Nc6 8.Be2 a5
9.Be3 e5 10.Nbd2 Nd5 11.Ng5 Bxe2+ 12.Kxe2 Nxe3 13.fxe3 Bxc5 14.Nge4 Be7 15.g4 O-O
16.Raf1 b5 17.g5 a4 18.Rhg1 Rab8 19.Rg4 Na5 20.Nf3 Nc6 21.h4 Rfc8 22.Nf6+ Bxf6
23.gxf6 g6 24.h5 Rb6 25.Ng5 Nd8 26.hxg6 hxg6 27.Rh4 Rc4 28.Rh2  1-0

[Event "12th Izmir Open"]
[Site "Izmir TUR"]
[Date "2013.09.05"]
[Round "6.1"]
[White "Tiviakov,S"]
[Black "Javakhadze,Z"]
[Result "1-0"]
[WhiteElo "2665"]
[BlackElo "2457"]

1.e4 e5 2.Nf3 Nc6 3.Bb5 a6 4.Ba4 d6 5.O-O Bd7 6.c3 g6 7.d4 Bg7 8.Re1 b5 9.Bc2 Nf6
10.dxe5 dxe5 11.Be3 O-O 12.a4 Qb8 13.Nbd2 Rd8 14.Qe2 Ne8 15.Bg5 Rc8 16.axb5 Qxb5
17.Nc4 a5 18.Ba4 Qc5 19.Red1 Be6 20.Nfd2  1-0

[Event "12th Izmir Open"]
[Site "Izmir TUR"]
[Date "2013.09.06"]
[Round "7.1"]
[White "Rozum,I"]
[Black "Tiviakov,S"]
[Result "1/2-1/2"]
[WhiteElo "2525"]
[BlackElo "2665"]

1.d4 Nf6 2.c4 e6 3.Nf3 b6 4.g3 Bb7 5.Bg2 Be7 6.O-O O-O 7.Nc3 Na6 8.Re1 Ne4
9.Nxe4 Bxe4 10.Ne5 Bxg2 11.Kxg2 c5 12.d5 Bf6 13.Ng4 d6 14.e3 Nc7 15.Qf3 Be5
16.Nxe5 dxe5 17.e4 f5 18.exf5 Rxf5 19.Qe4 Qf8 20.d6 Qxd6 21.g4 Rf7 22.Qxe5 Rd8
23.Qxd6 Rxd6 24.Be3 Rfd7 25.Kf3 e5 26.Ke4 Ne6 27.b3 Nd4 28.Rad1 Kf7  1/2-1/2

[Event "12th Izmir Open"]
[Site "Izmir TUR"]
[Date "2013.09.07"]
[Round "8.1"]
[White "Neverov,V"]
[Black "Tiviakov,S"]
[Result "1/2-1/2"]
[WhiteElo "2501"]
[BlackElo "2665"]

1.d4 Nf6 2.c4 e6 3.Nf3 b6 4.g3 Bb7 5.Bg2 Be7 6.O-O c6 7.Nc3 d5 8.Bf4 O-O
9.Rc1 Nh5 10.Be3 Nd7 11.Qa4 Nhf6 12.Ne5 Nxe5 13.dxe5 Nd7 14.f4 a6 15.cxd5 cxd5
16.Bd4 b5 17.Qd1 Rc8 18.a3 Qa5 19.e3 b4 20.axb4 Qxb4 21.Qa4 Bc6 22.Qxb4 Bxb4
23.Na2 Be7 24.Rc2 Ba4 25.Rxc8 Rxc8 26.Rc1 Rxc1+ 27.Nxc1 Nc5 28.Bf1 a5 29.Nd3 Nb3
30.Bb6 g5 31.Be2 gxf4 32.exf4 Bb5 33.Nc1 Bxe2 34.Nxe2 a4 35.Nc3 Bc5+ 36.Bxc5 Nxc5
37.Kf1 d4 38.Nb5 Nd3 39.Nxd4 Nxb2 40.Nc2 h5 41.Ke2 Nc4 42.Kd3 Nb6 43.Kc3 Nd5+
44.Kb2 h4 45.Ka3 Nc3 46.Nd4 Kh7 47.Kb4 Ne4 48.gxh4 Kg6 49.h5+ Kxh5 50.f5 exf5  1/2-1/2

[Event "TCh-NED Meesterklasse 2013-14"]
[Site "Netherland NED"]
[Date "2013.09.21"]
[Round "1.1"]
[White "Smeets,J"]
[Black "Tiviakov,S"]
[Result "1-0"]
[WhiteElo "2618"]
[BlackElo "2665"]

1.e4 c5 2.Nf3 Nc6 3.d4 cxd4 4.Nxd4 g6 5.c4 Nf6 6.Nc3 Nxd4 7.Qxd4 d6 8.Be3 Bg7
9.f3 Be6 10.Rc1 O-O 11.Qd2 Qa5 12.b3 a6 13.Nd5 Qd8 14.Bb6 Qd7 15.Be2 Bxd5
16.cxd5 Rfc8 17.O-O Qe8 18.Be3 Nd7 19.g3 Nc5 20.Rc2 a5 21.Rfc1 b6 22.Qd1 Qf8
23.a3 Rcb8 24.b4 axb4 25.axb4 Nb3 26.Rb1 Ra3 27.Rc6 Na1 28.Bxb6 f5 29.Bd4 Rba8
30.e5 Bxe5 31.Bxe5 dxe5 32.b5 e4 33.b6 exf3 34.Bxf3 Qh6 35.b7 Qe3+ 36.Kh1 Kf7
37.bxa8=Q Rxa8 38.d6  1-0

[Event "3rd Panama Open"]
[Site "Panama City PAN"]
[Date "2013.10.31"]
[Round "2.2"]
[White "Vera Gonzalez Quevedo,R"]
[Black "Tiviakov,S"]
[Result "1-0"]
[WhiteElo "2446"]
[BlackElo "2652"]

1.d4 Nf6 2.c4 e6 3.Nc3 Bb4 4.Qc2 O-O 5.Nf3 c5 6.dxc5 Na6 7.g3 Nxc5 8.Bg2 b6
9.O-O Bb7 10.Nb5 Be4 11.Qd1 Nb7 12.a3 Be7 13.Bf4 d6 14.Rc1 a6 15.Nc3 Bc6
16.b4 Rc8 17.Qb3 Ne4 18.Nxe4 Bxe4 19.Nd2 Bxg2 20.Kxg2 Qd7 21.Rc2 d5 22.cxd5 Rxc2
23.Qxc2 Qxd5+ 24.e4 Qd8 25.Rd1 a5 26.Nf3 Qa8 27.Qc7 axb4 28.Qxe7 bxa3 29.Qb4 Nc5
30.Ra1 Nd3 31.Qxa3 Nxf4+ 32.gxf4 Qxe4 33.Qe3 Qb7 34.Rb1 b5 35.Kg3 Rd8 36.Rb4 h6
37.h4 Rd5 38.Rd4 b4 39.Qe4 b3 40.Rb4 Qc7 41.Rxb3 g5 42.Rb4 Rf5 43.Qe3 Kg7
44.Re4 Kg8 45.Ra4 Qd6 46.Rd4 Qc7 47.Kg4 h5+ 48.Kg3 gxf4+ 49.Rxf4 Qd6 50.Qd4 Qc7
51.Qe3 Qd6  1-0

[Event "3rd Panama Open"]
[Site "Panama City PAN"]
[Date "2013.11.03"]
[Round "5.5"]
[White "Tiviakov,S"]
[Black "Ruiz Sanchez,O"]
[Result "0-1"]
[WhiteElo "2652"]
[BlackElo "2420"]

1.e4 c5 2.c3 d5 3.exd5 Qxd5 4.d4 Nf6 5.Nf3 Bf5 6.Be3 Nc6 7.Nbd2 cxd4 8.Bc4 dxe3
9.Bxd5 exd2+ 10.Qxd2 O-O-O 11.Bxc6 Rxd2 12.Bxb7+ Kxb7 13.Kxd2 e6 14.Ke2 Bd6
15.Rhd1 Bc7 16.Nd4 Be4 17.g3 Bg6 18.c4 h5 19.Rd2 h4 20.Rg1 hxg3 21.hxg3 Rh2
22.Kf1 Ne4 23.Re2 Bb6  0-1

[Event "3rd Panama Open"]
[Site "Panama City PAN"]
[Date "2013.11.04"]
[Round "7.10"]
[White "Tiviakov,S"]
[Black "Ruiz Aguilar,P"]
[Result "1-0"]
[WhiteElo "2652"]
[BlackElo "2239"]

1.e4 c5 2.Nf3 e6 3.c3 d5 4.exd5 Qxd5 5.d4 Nf6 6.Na3 a6 7.Nc4 Nbd7 8.Be2 Be7
9.O-O O-O 10.a4 Rd8 11.a5 Qc6 12.Bf4 Nd5 13.Bg3 N7f6 14.Nce5 Qe8 15.Ng5 cxd4
16.cxd4 Bd7 17.Ngxf7 Rdc8 18.Ng5 Bb4 19.Nxd7 Qxd7 20.Bd3 g6 21.Qe2 Re8 22.Bc4 Rad8
23.Be5 Qe7 24.g3 Nd7 25.h4 Nxe5 26.dxe5 Kg7 27.Qg4 Kh8 28.Ra4 Bd2 29.Nf3 Bh6
30.Bb3 Qc5 31.Kg2 Re7 32.Rd1 Rf8 33.Qd4 Qb5 34.Bxd5 exd5 35.Rd3 Bg7 36.Raa3 Rfe8
37.b3 Qc6 38.Ra2 Qb5 39.Re3 Kg8 40.Ra1 Re6 41.Qc3 Rc6 42.Qd2 Qc5 43.Rd1 Rd8
44.Nd4 Bh6 45.f4 Bf8 46.Nxc6 bxc6 47.Rd3 Qb5 48.h5 Bb4 49.Qe2 d4 50.hxg6 hxg6
51.Qe4 Qd5 52.Qxd5+ Rxd5 53.Rxd4  1-0

[Event "3rd Panama Open"]
[Site "Panama City PAN"]
[Date "2013.11.04"]
[Round "8.6"]
[White "Cori T.,D"]
[Black "Tiviakov,S"]
[Result "1/2-1/2"]
[WhiteElo "2425"]
[BlackElo "2652"]

1.d4 Nf6 2.Nf3 e6 3.e3 b6 4.Bd3 Bb7 5.c4 d5 6.Nc3 Bd6 7.Qe2 O-O 8.e4 dxe4
9.Nxe4 Bb4+ 10.Bd2 Bxd2+ 11.Nexd2 Nbd7 12.O-O c5 13.dxc5 Bxf3 14.Nxf3 bxc5
15.Rad1 Qc7 16.Bc2 Rfc8 17.Rd2 Rab8 18.Rfd1 Rb4 19.g4 Nf8 20.Ne5 g6 21.b3 Qe7
22.Qf3  1/2-1/2

[Event "3rd Panama Open"]
[Site "Panama City PAN"]
[Date "2013.11.05"]
[Round "9.6"]
[White "Tiviakov,S"]
[Black "Ruiz C,J"]
[Result "1-0"]
[WhiteElo "2652"]
[BlackElo "2399"]

1.e4 c5 2.c3 d5 3.exd5 Qxd5 4.d4 Nf6 5.Nf3 e6 6.Na3 a6 7.Nc4 Nbd7 8.Be2 cxd4
9.Nxd4 Bc5 10.O-O O-O 11.Be3 g6 12.b4 Ba7 13.a4 e5 14.Nb3 Bxe3 15.Nxe3 Qe6
16.a5 Qe7 17.Nc4 Ne4 18.Qd3 f5 19.f3 Nef6 20.Qd6 Qxd6 21.Nxd6 Rd8 22.Rad1 Kf8
23.Nc4 Ke7 24.Rfe1 Rb8 25.Bd3 Nd5 26.Bxf5 Nxc3  1-0